00984nam a2200229 a 450000100100000000500170001000800410002702000180006804000130008608200160009910000410011524501850015626000560034130000210039744000490041850400730046750400280054070000430056804900090061195201190062099900150073900000462520200929151455.0090724s2008 sp 000 0 spa d a9788479089719 aDO-SdBNP axxxxbS194l1 aSan José Vázquez, Eduardo91348814aLas luces del siglo ilustración y modernidad en el Caribe :bla novela histórica hispanoamericana del siglo xx /cEduardo San José Vázquez ; prólogo Teodosio Fernández. aMurcia, España :bUniversidad de Alicante,c2008. a316 p. ;c18 cm. 0aCuadernos de América sin nombren22913489 aIncluye referencias bibliográficas y notas al pie de las páginas aIncluye bibliografías1 aFernández, Teodosio,epról.913490 aBNPD 001054708MOaGRbGRcCTd2009-07-24iLF1l0oxxxx S194lp4625-10r2020-06-25w2020-06-25y4ZPréstamo en sala c4433d4433